Organizacije udruženog rada vanprivrednih delatnosti 1981 društvene delatnosti i organi uprave prema kompleksnom godišnjem izveštaju KGI-02

Salvato in:
Dettagli Bibliografici
Natura: Libro
Lingua:serbo
Pubblicazione: Beograd Savezni zavod za statistiku 1983
Serie:Statistički bilten 1358
Tags: Aggiungi Tag
Nessun Tag, puoi essere il primo ad aggiungerne!!

MARC

LEADER 00000nam a2200000 4500
001 c114173
005 20250701083554.0
041 0 |a srp 
044 |a YU 
245 1 0 |a Organizacije udruženog rada vanprivrednih delatnosti 1981  |b društvene delatnosti i organi uprave prema kompleksnom godišnjem izveštaju KGI-02 
264 1 |a Beograd  |b Savezni zavod za statistiku  |c 1983 
300 |a 40 s. 
490 1 |a Statistički bilten  |v 1358 
830 0 |a Statistički bilten  |v 1358